000 00748nam a2200265Ia 4500
003 GCL
008 140319s9999 xx 000 0 ara d
040 _aGCL /
_cGCL
082 0 4 _a370.1
_bس ت
100 1 _aسعد مرسى احمد
245 1 0 _aتطور الفكر التربوى /
_cسعد مرسى احمد
260 _aالقاهرة :
_bعالم الكتب الحديث ،
_c1992
300 _a632 ص ؛
_c24 سم
490 _a
650 0 4 _aالعصر الحديث
650 0 4 _aتاريخ
650 0 4 _aالاسلام
650 0 4 _aالتعليم
650 0 4 _aالتربية
650 0 4 _aالعصور الوسطى
650 0 4 _aالروم
650 0 4 _aالاغريق
650 0 4 _aالرومان
942 _2ddc
_cBK
999 _c31153
_d31153